<?xml version="1.0" encoding="UTF-8"?>
<collection xmlns="http://www.loc.gov/MARC21/slim">
    <record>
        <controlfield tag="001">79720</controlfield>
        <controlfield tag="005">20210125144519.0</controlfield>
        <datafield tag="024" ind1="8" ind2=" ">
            <subfield code="2">sideral</subfield>
            <subfield code="a">112590</subfield>
        </datafield>
        <datafield tag="037" ind1=" " ind2=" ">
            <subfield code="a">ART-2019-112590</subfield>
        </datafield>
        <datafield tag="041" ind1=" " ind2=" ">
            <subfield code="a">spa</subfield>
        </datafield>
        <datafield tag="100" ind1=" " ind2=" ">
            <subfield code="a">Sierra Campos, Pablo</subfield>
        </datafield>
        <datafield tag="245" ind1=" " ind2=" ">
            <subfield code="a">Aportación de la fábrica magnética a la caracterización cinemática de la Falla de Jarque (Cordillera Ibérica)</subfield>
        </datafield>
        <datafield tag="260" ind1=" " ind2=" ">
            <subfield code="c">2019</subfield>
        </datafield>
        <datafield tag="506" ind1="0" ind2=" ">
            <subfield code="a">Access copy available to the general public</subfield>
            <subfield code="f">Unrestricted</subfield>
        </datafield>
        <datafield tag="520" ind1="3" ind2=" ">
            <subfield code="a">En este trabajo se aplica la anisotropía de la susceptibilidad magnética (ASM) junto con el análisis estructural a la Falla de Jarque (Cordillera Ibérica) en su tramo noroccidental. La Falla de Jarque, de dirección NW-SE, se extiende longitudinalmente a lo largo de al menos 50 km, siendo una de las principales estructuras que compartimentan la Rama Aragonesa de la Cordillera Ibérica. Las estructuras S-C observadas en el afloramiento de Jarque muestran una componente dextral-inversa sobre planos de orientación NW-SE y fuerte buzamiento al W, consistente con las estrías subhorizontales medidas en planos de falla del afloramiento de Oseja. La foliación magnética dominante coincide con la orientación intermedia entre los planos S y C, y la lineación magnética muestra dos máximos. El máximo principal es subvertical, paralelo a la dirección de máxima pendiente de los planos de foliación y fallas y próximo a la lineación de intersección entre planos S y C. El segundo máximo es subhorizontal y próximo a la dirección de transporte deducida a partir de las estrías y las estructuras S-C. Los resultados obtenidos indican una estructura resultante de la reactivación de una antigua falla (tardivarisca a triásica) durante la Orogenia Alpina asociada a la compresión NNE-SSW.

In this paper the Anisotropy of the Magnetic Susceptibility (AMS) is applied together with the structural analysis along the Jarque Fault (Iberian Range) in its north-western sector. The Jarque Fault has a NW-SE direction, and extends longitudinally along at least 50 km, being one of the main structures that compartmentalize the Aragonese Branch of the Iberian Range. The S-C structures observed in the Jarque outcrop show a dextral-reverse component on planes with NW-SE trend and strong dip to W, consistent with the subhorizontal striae measured in fault planes of the Oseja outcrop. The dominant magnetic foliation coincides with the intermediate orientation between the S and C planes, and the magnetic lineation shows two maxima. The main maximum has a subvertical plunge being parallel to the direction of maximum slope of the planes of foliation and faults and also approximates the intersection lineation between S and C planes. The second maximum has a subhorizontal plunge that approximates the transport direction inferred from striae and S-C structures. The geological map shows structures oblique to the trace of the main fault, such as minor faults with WNW-SES trend and folds with E-W direction compatible with the dextral movement of the Jarque Fault. The results obtained indicate a structure resulting from the reactivation of an ancient (late-Variscan to Triassic) fault during the Alpine Orogeny associated with the NNE-SSW compression.</subfield>
        </datafield>
        <datafield tag="536" ind1=" " ind2=" ">
            <subfield code="9">info:eu-repo/grantAgreement/ES/DGA/E32-17R</subfield>
            <subfield code="9">info:eu-repo/grantAgreement/ES/MICINN/CGL2013-42670-P</subfield>
        </datafield>
        <datafield tag="540" ind1=" " ind2=" ">
            <subfield code="9">info:eu-repo/semantics/openAccess</subfield>
            <subfield code="a">by</subfield>
            <subfield code="u">http://creativecommons.org/licenses/by/3.0/es/</subfield>
        </datafield>
        <datafield tag="592" ind1=" " ind2=" ">
            <subfield code="a">0.464</subfield>
            <subfield code="b">2019</subfield>
        </datafield>
        <datafield tag="593" ind1=" " ind2=" ">
            <subfield code="a">Geology</subfield>
            <subfield code="c">2019</subfield>
            <subfield code="d">Q2</subfield>
        </datafield>
        <datafield tag="655" ind1=" " ind2="4">
            <subfield code="a">info:eu-repo/semantics/article</subfield>
            <subfield code="v">info:eu-repo/semantics/publishedVersion</subfield>
        </datafield>
        <datafield tag="700" ind1=" " ind2=" ">
            <subfield code="0">(orcid)0000-0002-9743-8695</subfield>
            <subfield code="a">Román Berdiel, Teresa</subfield>
            <subfield code="u">Universidad de Zaragoza</subfield>
        </datafield>
        <datafield tag="700" ind1=" " ind2=" ">
            <subfield code="0">(orcid)0000-0003-3652-3527</subfield>
            <subfield code="a">Casas Sainz, Antonio M.</subfield>
            <subfield code="u">Universidad de Zaragoza</subfield>
        </datafield>
        <datafield tag="700" ind1=" " ind2=" ">
            <subfield code="a">Marcén, Marcos</subfield>
            <subfield code="u">Universidad de Zaragoza</subfield>
        </datafield>
        <datafield tag="710" ind1="2" ind2=" ">
            <subfield code="1">2000</subfield>
            <subfield code="2">428</subfield>
            <subfield code="a">Universidad de Zaragoza</subfield>
            <subfield code="b">Dpto. Ciencias de la Tierra</subfield>
            <subfield code="c">Área Geodinámica Interna</subfield>
        </datafield>
        <datafield tag="773" ind1=" " ind2=" ">
            <subfield code="g">32, 1 (2019), 77-96</subfield>
            <subfield code="p">Rev. Soc. Geol. Esp.</subfield>
            <subfield code="t">REVISTA DE LA SOCIEDAD GEOLOGICA DE ESPANA</subfield>
            <subfield code="x">0214-2708</subfield>
        </datafield>
        <datafield tag="856" ind1="4" ind2="1">
            <subfield code="u">http://www.sociedadgeologica.es/archivos/REV/32(1)/RSGE32(1)_p_77_96.pdf</subfield>
            <subfield code="z">Texto completo de la revista</subfield>
        </datafield>
        <datafield tag="856" ind1="4" ind2=" ">
            <subfield code="s">2951265</subfield>
            <subfield code="u">http://zaguan.unizar.es/record/79720/files/texto_completo.pdf</subfield>
            <subfield code="y">Versión publicada</subfield>
        </datafield>
        <datafield tag="856" ind1="4" ind2=" ">
            <subfield code="s">91354</subfield>
            <subfield code="u">http://zaguan.unizar.es/record/79720/files/texto_completo.jpg?subformat=icon</subfield>
            <subfield code="x">icon</subfield>
            <subfield code="y">Versión publicada</subfield>
        </datafield>
        <datafield tag="909" ind1="C" ind2="O">
            <subfield code="o">oai:zaguan.unizar.es:79720</subfield>
            <subfield code="p">articulos</subfield>
            <subfield code="p">driver</subfield>
        </datafield>
        <datafield tag="951" ind1=" " ind2=" ">
            <subfield code="a">2021-01-25-14:38:36</subfield>
        </datafield>
        <datafield tag="980" ind1=" " ind2=" ">
            <subfield code="a">ARTICLE</subfield>
        </datafield>
    </record>

    
</collection>